Normal view
MARC view
- حقوق الانسان - قانون دولي
Entry Topical Term
001 - CONTROL NUMBER
- control field: 46416
003 - CONTROL NUMBER IDENTIFIER
- control field: JO-AjAnu
005 - DATE AND TIME OF LATEST TRANSACTION
- control field: 20230606081654.0
008 - FIXED-LENGTH DATA ELEMENTS
- fixed length control field: 230606|| aca||aabn | a|a d
040 ## - CATALOGING SOURCE
- Original cataloging agency: JO-AjAnu
- Transcribing agency: JO-AjAnu
150 ## - HEADING--TOPICAL TERM
- Topical term or geographic name entry element: حقوق الانسان - قانون دولي
670 ## - SOURCE DATA FOUND
- Source citation: Work cat.: (JO-AjAnu)23758: تاليف البشير، سعد علي, author 46415, حقوق الإنسان: دراسة مقارنة بين القانون الأردني والمواثيق الدولية